000 00812nam a22002055i 4500
001 151399
003 ES-MaACL
005 20251105063134.0
008 990819s1753 sz |||| | fre d
040 _aCLM
_bspa
_cCLM
100 1 _aAlberoni, Giulio,
_d1664-1752
_919302
245 1 0 _aTestament politique du Cardinal Iules Alberoni
_b: recueilli de divers mémoires, lettres & entretiens de son eminence /
_cpar ... A.M. ; traduit de l'italien par le C. de R.B.M...
260 _aA Lausanne :
_bchez Marc-Michel Bousquet & Compagnie,
_c1753.
300 _aXX, 338 [2] p. ;
_c8º.
597 _aSign.: A-Y8, Z4.
597 _aPort. a dos tintas y con grab. xil.
650 7 _aPolítica
_2embne
_9140345
852 _aES-MaACL
_jR-1471
_z-- Enc. piel
_x Olim: G-13523
999 _c151399
_d151399